Eurovision 2023 - Guess the country by lyrics - Statistics

General Stats
  • This quiz has been taken 472 times
  • The average score is 24 of 37
Answer Stats
Lyrics Country % Correct
Ai-je réussi à chanter, à chanter la Grande ____? France
91%
Mi niño, cuando me muera Que me entierren en la Luna Spain
91%
La mia maglia metallica Italy
86%
Rankka viikko ja paljon pitkii päiviä takan Finland
85%
Baby Poland
80%
We're so happy we could die Germany
77%
Girl, call Universal, you're about to be a star Austria
75%
Trajna-nina, armagedon, nona Croatia
75%
I just wanna sleep forever Serbia
75%
Ne-or ține, ne-or ține Ne-or ține cununа Moldova
72%
Wanted to trash your Benz, tell all your friends United Kingdom
72%
There is always time to get back on track Estonia
71%
Have you ever done anything like this before? Australia
68%
Hey, do you wanna check my DNA? Israel
68%
This is not our time It's time to say goodbye Sweden
68%
I just wanna make art, read books and just find someone Armenia
67%
810.000 let moraš delat' le Slovenia
66%
We're standin' on the frontline Switzerland
64%
Diz-me lá se és meu Portugal
62%
Am încredere Da' minte așa frumos Romania
62%
You lift me up and leave me in the gutter Cyprus
60%
Don't fear the pain; just break the chain Norway
59%
S'di çka bohet, bohet Po du me e nal' Albania
58%
Please, don't wake up Latvia
58%
Bring the party, Aphrodite, and I'll tease you on the dancefloor San Marino
58%
I've got a big faith, my love is my crown Georgia
57%
Life's not a moneybag Czechia
56%
You might be a leader, I might be a freak Ireland
56%
I've carried sadness with me I hid it well since sixteen Lithuania
54%
Life is just a game and I'm playing for the win Ukraine
53%
You told me to love myself a bit harder than yesterday Belgium
52%
Do you remember Said it'd be easier if I was dead Denmark
52%
I don't find any joy anymore From the same old cycle The Netherlands
52%
Should've known this When the tik gets toking I'm gone Malta
45%
Quicksand of life, we don't live to die Greece
43%
Go on spread your wings and fly away Iceland
43%
I'll die from the emotions that I kept down for years Azerbaijan
42%
No matching quizzes found
Score Distribution
Percent of People with Each Score
Percentile by Number Answered
Your Score History
You have not taken this quiz